[Event "137th YMCA Winter D"]
[Site "Warszawa"]
[Date "2014.01.09"]
[Round "1"]
[White "Kalhorn, Marcin"]
[Black "Bartczak, Hanna"]
[Result "1/2-1/2"]
[WhiteElo "1595"]
[BlackElo "1592"]
[Annotator "Admin"]
[PlyCount "55"]
[EventDate "2014.01.06"]
[EventType "tourn"]
[EventRounds "1"]
[EventCountry "POL"]
[SourceDate "2014.01.06"]

1. c4 e5 2. g3 c6 3. d4 Bb4+ 4. Bd2 Qa5 5. dxe5 Bxd2+ 6. Qxd2 Qxe5 7. Nf3 Qe7
8. Nc3 Nf6 9. Bg2 O-O 10. O-O Na6 11. Rad1 Nc7 12. Qd6 Qxd6 13. Rxd6 Re8 14.
Nh4 a6 15. a4 a5 16. Rfd1 Na6 17. e4 Nc5 18. Re1 b6 19. Bf3 Ba6 20. e5 Bxc4 21.
Re3 Nd5 22. Bxd5 Bxd5 23. Nxd5 cxd5 24. b3 Re6 25. Rxd5 Rae8 26. Nf5 Kf8 27.
Nd4 Rg6 28. Nb5 $11 1/2-1/2

[Event "137th YMCA Winter D"]
[Site "Warszawa"]
[Date "2014.01.06"]
[Round "1"]
[White "Wrabel, Antoni"]
[Black "Duda, Ryszard"]
[Result "1-0"]
[WhiteElo "1712"]
[BlackElo "1641"]
[PlyCount "105"]
[EventDate "2014.01.06"]
[EventType "tourn"]
[EventRounds "1"]
[EventCountry "POL"]
[SourceDate "2014.01.06"]

1. e4 Nc6 2. Nf3 e5 3. Bb5 Nf6 4. Qe2 Bc5 5. d3 d6 6. h3 h6 7. O-O Bd7 8. Be3
Bb6 9. Nbd2 O-O 10. a4 a6 11. Bxc6 Bxe3 12. Qxe3 Bxc6 13. c4 Qd7 14. b3 b5 15.
a5 Rfe8 16. Nh4 Nh5 17. Nf5 Nf4 18. Rae1 Qe6 19. Qg3 Qg6 20. Re3 Qxg3 21. fxg3
Ne6 22. Nf3 Kh7 23. Ree1 Nc5 24. d4 Nxb3 25. dxe5 dxe5 26. Ne3 Bxe4 27. Nh4 f6
28. Rf2 Nxa5 29. Nd1 Bd3 30. cxb5 Bxb5 31. Nc3 c6 32. Rd1 Red8 33. Rfd2 Rxd2
34. Rxd2 c5 35. Ra2 Bd3 36. Rxa5 Rc8 37. Nf3 e4 38. Ne1 c4 39. Kf2 Rb8 40. Ra3
f5 41. Ke3 Rb2 42. h4 Bf1 43. Ra2 Rb3 44. Kd4 Kg6 45. Nc2 Rb6 46. Ne3 Rd6+ 47.
Ncd5 Bd3 48. Kc5 Re6 49. Nf4+ Kf6 50. Ned5+ Ke5 51. Nxe6 Kxe6 52. Rxa6+ Ke5 53.
Nf4 1-0

[Event "137th YMCA Winter D"]
[Site "Warszawa"]
[Date "2014.01.06"]
[Round "1"]
[White "Borowski, Marek"]
[Black "Wilczynski, Adam"]
[Result "1-0"]
[WhiteElo "1530"]
[BlackElo "1664"]
[PlyCount "35"]
[EventDate "2014.01.06"]
[EventType "tourn"]
[EventRounds "1"]
[EventCountry "POL"]
[SourceDate "2014.01.06"]

1. d4 Nf6 2. Bf4 e6 3. e3 c5 4. c3 Nc6 5. Nd2 d5 6. Ngf3 cxd4 7. exd4 Be7 8.
Bd3 O-O 9. O-O b6 10. Ne5 Bb7 11. Ndf3 h6 12. Nxc6 Bxc6 13. Ne5 Bb7 14. Re1 Re8
15. Qe2 a6 16. Nxf7 Kxf7 17. Qxe6+ Kf8 18. Bg6 1-0

[Event "137th YMCA Winter D"]
[Site "Warszawa"]
[Date "2014.01.06"]
[Round "1"]
[White "Bitowt, Jacek"]
[Black "Sobotka, Jan"]
[Result "1-0"]
[WhiteElo "1699"]
[BlackElo "1573"]
[PlyCount "81"]
[EventDate "2014.01.06"]
[EventType "tourn"]
[EventRounds "1"]
[EventCountry "POL"]
[SourceDate "2014.01.06"]

1. e4 c5 2. c3 Nf6 3. e5 Nd5 4. d4 cxd4 5. cxd4 d6 6. Nf3 Nc6 7. Bc4 Nb6 8. Bb5
a6 9. Bxc6+ bxc6 10. h3 e6 11. O-O Be7 12. Nc3 O-O 13. Bf4 d5 14. Rc1 Bb7 15.
Na4 Nxa4 16. Qxa4 Qb6 17. Be3 Rfc8 18. Rc3 Rc7 19. Rb3 Qa7 20. Rc1 Rac8 21.
Rbc3 Qb6 22. Rb3 Qa7 23. Qa5 Bd8 24. Rbc3 Be7 25. b4 Qa8 26. Nd2 Bd8 27. Nb3
Rd7 28. Qa4 Bb6 29. Nc5 Bxc5 30. Rxc5 Qb8 31. a3 Rdd8 32. R1c3 Qc7 33. Qd1 Ra8
34. Qg4 Kh8 35. h4 Rg8 36. Bg5 h6 37. Rg3 a5 38. Qh5 Kh7 39. Rcc3 axb4 40. Rcf3
Raf8 41. Rf6 1-0

[Event "137th YMCA Winter D"]
[Site "Warszawa"]
[Date "2014.01.10"]
[Round "1"]
[White "Sanz-Wawer, Daniel"]
[Black "Herman, Monika"]
[Result "1-0"]
[WhiteElo "1641"]
[BlackElo "1645"]
[PlyCount "95"]
[EventDate "2014.01.06"]
[EventType "tourn"]
[EventRounds "1"]
[EventCountry "POL"]
[SourceDate "2014.01.06"]

1. e4 e5 2. Nf3 Nc6 3. d4 exd4 4. Bc4 Bc5 5. Ng5 Nh6 6. Nxf7 Bb4+ 7. c3 Bxc3+
8. bxc3 Nxf7 9. cxd4 Qe7 10. O-O O-O 11. Ba3 d6 12. Nc3 Na5 13. Bd5 c6 14.
Bxf7+ Rxf7 15. Bb4 Nc4 16. Qd3 b5 17. a4 c5 18. Nd5 Qf8 19. axb5 cxb4 20. Qxc4
Be6 21. Qxb4 Bxd5 22. exd5 Rf5 23. Ra6 Rf6 24. Qb2 Qf7 25. b6 Qb7 26. Rfa1 Rb8
27. Rxa7 Qxb6 28. Qxb6 Rxb6 29. g3 Rb4 30. Rd7 Rxd4 31. Ra8+ Rf8 32. Rxf8+ Kxf8
33. Rxd6 Ke7 34. Re6+ Kd7 35. Re5 Kd6 36. f4 Rxd5 37. Rxd5+ Kxd5 38. Kf2 Ke4
39. h3 h5 40. h4 g6 41. Ke2 Kf5 42. Ke3 Kg4 43. Kf2 Kh3 44. Kf3 Kh2 45. g4 Kh3
46. gxh5 gxh5 47. f5 Kxh4 48. f6 1-0

[Event "137th YMCA Winter D"]
[Site "Warszawa"]
[Date "2014.01.06"]
[Round "1"]
[White "Krzyzewski, Radoslaw"]
[Black "Kwiek, Janusz"]
[Result "1-0"]
[WhiteElo "1685"]
[BlackElo "1597"]
[PlyCount "93"]
[EventDate "2014.01.06"]
[EventType "tourn"]
[EventRounds "1"]
[EventCountry "POL"]
[SourceDate "2014.01.06"]

1. e4 e6 2. d4 d5 3. exd5 exd5 4. Bd3 Nf6 5. Nf3 Be7 6. O-O O-O 7. Bf4 Bg4 8.
Nbd2 Nc6 9. c3 Bd6 10. Bg3 Re8 11. Qc2 Bxg3 12. fxg3 Qd7 13. Rae1 Rxe1 14. Rxe1
Re8 15. Ne5 Qd6 16. Ndf3 Bxf3 17. Nxf3 Rxe1+ 18. Nxe1 Qe6 19. Qe2 Qxe2 20. Bxe2
Ne4 21. Bf3 f5 22. Nd3 g5 23. h3 Kf7 24. Nc5 Nxc5 25. dxc5 Ke6 26. Kf2 Ne5 27.
Be2 Nd7 28. b4 Ke5 29. Ke3 Nf6 30. Kd3 Ne4 31. g4 fxg4 32. hxg4 c6 33. a4 a5
34. Bf3 Kf4 35. Kd4 axb4 36. cxb4 Nf6 37. b5 Ne8 38. b6 Nf6 39. a5 Nd7 40. Bxd5
cxd5 41. Kxd5 Nf6+ 42. Ke6 Ne4 43. Kd5 Nf6+ 44. Kc4 Ke5 45. c6 bxc6 46. Kc5 Nd5
47. b7 1-0

[Event "137th YMCA Winter D"]
[Site "Warszawa"]
[Date "2014.01.13"]
[Round "2"]
[White "Bartczak, Hanna"]
[Black "Kwiek, Janusz"]
[Result "1-0"]
[WhiteElo "1592"]
[BlackElo "1597"]
[PlyCount "135"]
[EventDate "2014.01.06"]
[EventType "tourn"]
[EventRounds "1"]
[EventCountry "POL"]
[SourceDate "2014.01.06"]

1. d4 e6 2. c4 Nf6 3. Nf3 d5 4. Bg5 h6 5. Bh4 Be7 6. Nc3 Nbd7 7. e3 O-O 8. Bd3
dxc4 9. Bxc4 a6 10. a4 b6 11. O-O Bb7 12. Qe2 c5 13. Rfd1 cxd4 14. Nxd4 Qc8 15.
Nxe6 fxe6 16. Bxe6+ Kh8 17. Bxd7 Nxd7 18. Bxe7 Rf7 19. Ba3 Qc6 20. f3 Re8 21.
Rd6 Qc7 22. Rad1 Nf6 23. e4 Re5 24. Qd3 Re8 25. Qd4 Kh7 26. Rxb6 Rd7 27. Rd6
Rxd6 28. Bxd6 Qf7 29. e5 Nh5 30. Nd5 Bxd5 31. Qxd5 Qa7+ 32. Bc5 Qc7 33. Bd6
Qb6+ 34. Qd4 Qd8 35. b4 Qg5 36. g3 Rc8 37. Qe4+ Kh8 38. Bc5 Re8 39. f4 Qg4 40.
Re1 Rd8 41. e6 Nxg3 42. hxg3 Qxg3+ 43. Kf1 Rd2 44. Rc1 Qh3+ 45. Ke1 Rh2 46. Bf2
Rh1+ 47. Kd2 Rxc1 48. Kxc1 Qa3+ 49. Kd1 Qxa4+ 50. Ke2 Qb5+ 51. Kf3 Qh5+ 52. Kg3
Qe8 53. e7 h5 54. Bc5 g6 55. Qd4+ Kh7 56. Qd8 h4+ 57. Kxh4 Qf7 58. Qf8 Qa2 59.
e8=Q Qh2+ 60. Kg5 Qg3+ 61. Kf6 Qxf4+ 62. Ke7 Qe5+ 63. Kd7 Qd5+ 64. Qd6 Qb7+ 65.
Qc7 Qd5+ 66. Kc8+ Kh6 67. Qe3+ g5 68. Qd6+ 1-0

[Event "137th YMCA Winter D"]
[Site "Warszawa"]
[Date "2014.01.16"]
[Round "2"]
[White "Herman, Monika"]
[Black "Krzyzewski, Radoslaw"]
[Result "1-0"]
[WhiteElo "1645"]
[BlackElo "1685"]
[PlyCount "93"]
[EventDate "2014.01.06"]
[EventType "tourn"]
[EventRounds "1"]
[EventCountry "POL"]
[SourceDate "2014.01.06"]

1. e4 c5 2. c3 e6 3. Nf3 Nc6 4. d4 cxd4 5. cxd4 d5 6. exd5 exd5 7. Be2 Nf6 8.
O-O Be7 9. Nc3 O-O 10. Re1 a6 11. h3 Bf5 12. Bd3 Bxd3 13. Qxd3 Nb4 14. Qd1 h6
15. a3 Nc6 16. b4 Rc8 17. Bb2 Qd6 18. Qd2 Nd7 19. Na4 a5 20. b5 Na7 21. Qxa5
Ra8 22. Qd2 Nxb5 23. Nc5 Nb6 24. Qe2 Nc4 25. Qxe7 Qxe7 26. Rxe7 b6 27. Nd3 Nxb2
28. Nxb2 Nxa3 29. Rd7 Ra5 30. Nd3 f6 31. Nb4 Nc4 32. Rxa5 bxa5 33. Nxd5 Rb8 34.
Ra7 Rb1+ 35. Kh2 Ra1 36. Ne3 Nd6 37. Ra6 Ne4 38. d5 Kf7 39. Ra7+ Kf8 40. Nc4 a4
41. Nd4 Nxf2 42. Ne6+ Kg8 43. d6 Rh1+ 44. Kg3 Ne4+ 45. Kf4 Nxd6 46. Nxd6 g5+
47. Kf5 1-0

[Event "137th YMCA Winter D"]
[Site "Warszawa"]
[Date "2014.01.17"]
[Round "2"]
[White "Kepa, Wojciech"]
[Black "Sanz-Wawer, Daniel"]
[Result "0-1"]
[WhiteElo "1616"]
[BlackElo "1641"]
[PlyCount "90"]
[EventDate "2014.01.06"]
[EventType "tourn"]
[EventRounds "1"]
[EventCountry "POL"]
[SourceDate "2014.01.06"]

1. e4 c5 2. Nf3 d6 3. d4 cxd4 4. Nxd4 Nf6 5. Nc3 g6 6. f3 Bg7 7. Be3 O-O 8. Qd2
Nc6 9. h4 d5 10. Nxc6 bxc6 11. Bh6 Bxh6 12. Qxh6 dxe4 13. h5 exf3 14. gxf3 Qd6
15. Bd3 Qg3+ 16. Kd2 Qf2+ 17. Ne2 Rd8 18. hxg6 fxg6 19. Rag1 Bf5 20. Qe3 Qxe3+
21. Kxe3 Bxd3 22. cxd3 Nd5+ 23. Ke4 Rab8 24. b3 c5 25. Rc1 Rb4+ 26. Rc4 Rd6 27.
Ke5 Nf6 28. Rxb4 cxb4 29. d4 Kf7 30. Kf4 h5 31. Rc1 Re6 32. Ng1 Ra6 33. Rc2
Nd5+ 34. Ke4 Nc3+ 35. Kd3 Rxa2 36. Rxa2 Nxa2 37. Kc4 a5 38. Nh3 Nc3 39. d5 Kf6
40. Nf2 Kf5 41. Nd3 h4 42. Kd4 h3 43. Nf2 h2 44. Nh1 Kf4 45. Kc5 Kxf3 0-1

[Event "137th YMCA Winter D"]
[Site "Warszawa"]
[Date "2014.01.17"]
[Round "2"]
[White "Sobotka, Jan"]
[Black "Budrewicz, Henryk"]
[Result "1-0"]
[WhiteElo "1573"]
[BlackElo "1539"]
[PlyCount "157"]
[EventDate "2014.01.06"]
[EventType "tourn"]
[EventRounds "1"]
[EventCountry "POL"]
[SourceDate "2014.01.06"]

1. e4 c5 2. Nf3 Nc6 3. d4 cxd4 4. Nxd4 e5 5. Nb3 Nf6 6. Nc3 Bb4 7. Bd3 d5 8.
exd5 Nxd5 9. Bd2 Nxc3 10. bxc3 Bd6 11. O-O O-O 12. Qh5 g6 13. Qh6 Qf6 14. Bg5
Qg7 15. Qh4 h5 16. Bf6 Qh7 17. Rad1 Bc7 18. Nc5 Bf5 19. Bxf5 gxf5 20. Rd7 Bd8
21. Nxb7 Bxf6 22. Qxf6 Qg6 23. Qxg6+ fxg6 24. Rd6 Ne7 25. Re6 Kf7 26. Rxe5 Rab8
27. Nd6+ Kf6 28. Rfe1 Nc8 29. f4 Nxd6 30. Re6+ Kg7 31. Rxd6 Rb2 32. Re7+ Rf7
33. Rxf7+ Kxf7 34. Rd7+ Ke6 35. Rxa7 Rxc2 36. Ra3 Kd5 37. h3 Kc4 38. Kh2 h4 39.
Ra6 Rxc3 40. Rxg6 Ra3 41. Rh6 Rxa2 42. Rxh4 Kd4 43. Rh8 Ke4 44. h4 Kxf4 45. Rg8
Ra6 46. Kh3 Ra1 47. Kh2 Ra6 48. Rb8 Kg4 49. Rh8 f4 50. h5 f3 51. Rg8+ Kxh5 52.
gxf3 Ra2+ 53. Kg3 Ra1 54. Rh8+ Kg6 55. Rb8 Kf6 56. Kg4 Ra4+ 57. f4 Kf7 58. Kg5
Ra7 59. f5 Kg7 60. Re8 Kf7 61. Rh8 Kg7 62. Rh1 Ra5 63. Rb1 Ra7 64. Rb6 Rd7 65.
Rh6 Rd5 66. Rg6+ Kf7 67. Ra6 Rd7 68. Ra5 Rc7 69. Ra6 Rd7 70. Kf4 Re7 71. Kg5
Rc7 72. Rh6 Rc1 73. Rh7+ Kg8 74. Ra7 Rc8 75. Kg6 Rd8 76. f6 Kf8 77. Rh7 Kg8 78.
f7+ Kf8 79. Rh8+ 1-0

[Event "137th YMCA Winter D"]
[Site "Warszawa"]
[Date "2014.01.08"]
[Round "2"]
[White "Wilczynski, Adam"]
[Black "Bitowt, Jacek"]
[Result "0-1"]
[WhiteElo "1664"]
[BlackElo "1699"]
[PlyCount "72"]
[EventDate "2014.01.06"]
[EventType "tourn"]
[EventRounds "1"]
[EventCountry "POL"]
[SourceDate "2014.01.06"]

1. c4 Nf6 2. g3 g6 3. Nc3 Bg7 4. Bg2 d6 5. Nf3 O-O 6. O-O c6 7. d3 e5 8. Bg5 h6
9. Bd2 Be6 10. Qc1 Kh7 11. Rb1 Nbd7 12. b4 d5 13. Na4 b6 14. Nb2 Rc8 15. a4 Nh5
16. Ne1 f5 17. e3 e4 18. Bc3 Nhf6 19. dxe4 dxc4 20. exf5 Bxf5 21. Nc2 b5 22.
Ra1 Qb6 23. Bd4 c5 24. bxc5 Nxc5 25. axb5 Qxb5 26. Na3 Qd7 27. Naxc4 Nb3 28.
Qc3 Nxa1 29. Rxa1 Rc7 30. Be5 Ne4 31. Qb4 Rb7 32. Qa3 Rd8 33. Bxg7 Qxg7 34. g4
Rdb8 35. gxf5 gxf5 36. Kh1 Rg8 0-1

[Event "137th YMCA Winter D"]
[Site "Warszawa"]
[Date "2014.01.13"]
[Round "2"]
[White "Duda, Ryszard"]
[Black "Borowski, Marek"]
[Result "1-0"]
[WhiteElo "1641"]
[BlackElo "1530"]
[PlyCount "87"]
[EventDate "2014.01.06"]
[EventType "tourn"]
[EventRounds "1"]
[EventCountry "POL"]
[SourceDate "2014.01.06"]

1. Nc3 d5 2. d4 c6 3. Nf3 Nf6 4. Bf4 Bf5 5. e3 e6 6. Bd3 Nbd7 7. Bxf5 exf5 8.
O-O Ne4 9. a3 Ndf6 10. h3 Bd6 11. Ne5 O-O 12. Qe2 Re8 13. Qd3 Nh5 14. Bh2 Qc7
15. Ne2 g6 16. Rac1 f6 17. Nf3 Bxh2+ 18. Nxh2 b5 19. b3 Nd6 20. g4 Ng7 21. Ng3
Qd7 22. Kg2 Qe6 23. gxf5 Ngxf5 24. Nxf5 Nxf5 25. Nf3 Nd6 26. Nd2 Re7 27. c4 a6
28. cxb5 cxb5 29. Rc6 f5 30. Nf3 h6 31. Ne5 g5 32. Rfc1 Rg7 33. Qc3 g4 34. hxg4
fxg4 35. Qc5 Rd8 36. Qb6 Qf6 37. Rc8 Rxc8 38. Rxc8+ Kh7 39. Rc6 g3 40. f4 Qh4
41. Nf3 Qe7 42. Rxd6 Qxe3 43. Rxh6+ Kg8 44. Qe6+ 1-0

[Event "137th YMCA Winter D"]
[Site "Warszawa"]
[Date "2014.01.13"]
[Round "2"]
[White "Kalhorn, Marcin"]
[Black "Wrabel, Antoni"]
[Result "1-0"]
[WhiteElo "1595"]
[BlackElo "1712"]
[PlyCount "103"]
[EventDate "2014.01.06"]
[EventType "tourn"]
[EventRounds "1"]
[EventCountry "POL"]
[SourceDate "2014.01.06"]

1. c4 e6 2. g3 Nf6 3. Bg2 d5 4. Nf3 Be7 5. O-O O-O 6. b3 dxc4 7. bxc4 c5 8. Bb2
Nc6 9. Nc3 a6 10. Rb1 Rb8 11. Ba1 Qa5 12. a4 Rd8 13. d3 Bd7 14. Nd2 Nb4 15. Bh3
Qc7 16. f4 Nc6 17. f5 exf5 18. Bxf5 Bxf5 19. Rxf5 Nd4 20. Rf1 Ng4 21. Nd5 Rxd5
22. cxd5 Ne3 23. Qe1 Nxf1 24. Qxf1 Qd7 25. e4 Qg4 26. Bxd4 cxd4 27. a5 Bg5 28.
Nc4 h5 29. Ne5 Be3+ 30. Kg2 Qg5 31. Qxf7+ Kh7 32. Nf3 Qd8 33. Qxh5+ Kg8 34. Rb6
Rc8 35. d6 Rc3 36. Qd5+ Kh7 37. Rxb7 Rxd3 38. Qf5+ Kh8 39. Rf7 Kg8 40. Qe6 Qxa5
41. Rc7+ Kh7 42. Qf7 Bh6 43. Qf5+ Qxf5 44. exf5 Rc3 45. Rb7 Rc8 46. Rc7 Rd8 47.
d7 d3 48. Kf2 a5 49. Ne5 Bg5 50. Nf7 Ra8 51. Nxg5+ Kg8 52. Rc8+ 1-0

[Event "137th YMCA Winter D"]
[Site "Warszawa"]
[Date "2014.01.20"]
[Round "3"]
[White "Wrabel, Antoni"]
[Black "Bartczak, Hanna"]
[Result "1-0"]
[WhiteElo "1712"]
[BlackElo "1592"]
[PlyCount "77"]
[EventDate "2014.01.06"]
[EventType "tourn"]
[EventRounds "1"]
[EventCountry "POL"]
[SourceDate "2014.01.06"]

1. e4 c6 2. d4 d5 3. exd5 cxd5 4. Bd3 Nc6 5. c3 Nf6 6. Bf4 e6 7. Nf3 Bd6 8. Qd2
O-O 9. O-O Qc7 10. Bg5 Ng4 11. h3 Nh2 12. Nxh2 Bxh2+ 13. Kh1 Bd6 14. f4 f6 15.
Bh4 Qf7 16. Qe2 Bd7 17. Nd2 Ne7 18. Bg3 Qe8 19. Bh2 a6 20. Rae1 Nc6 21. Nb3 b5
22. Qf3 Qf7 23. Re2 b4 24. c4 a5 25. cxd5 exd5 26. Bg1 Rfc8 27. Rc2 Ne7 28.
Rfc1 Rxc2 29. Rxc2 Bf5 30. Nc5 Bxd3 31. Nxd3 Qg6 32. Re2 Qf7 33. f5 Rd8 34. Re6
Bc7 35. Nc5 Rd6 36. Bh2 Rc6 37. Rxe7 Qxe7 38. Qxd5+ Kf8 39. Qxc6 1-0

[Event "137th YMCA Winter D"]
[Site "Warszawa"]
[Date "2014.01.20"]
[Round "3"]
[White "Borowski, Marek"]
[Black "Kalhorn, Marcin"]
[Result "1/2-1/2"]
[WhiteElo "1530"]
[BlackElo "1595"]
[PlyCount "84"]
[EventDate "2014.01.06"]
[EventType "tourn"]
[EventRounds "1"]
[EventCountry "POL"]
[SourceDate "2014.01.06"]

1. d4 d6 2. e4 Nf6 3. Nc3 c6 4. Bd3 e5 5. Nge2 Be7 6. O-O O-O 7. h3 Qb6 8. Na4
Qc7 9. b3 exd4 10. Nxd4 d5 11. Nc3 Bb4 12. Nde2 Bxc3 13. Nxc3 dxe4 14. Nxe4
Nxe4 15. Bxe4 Qe5 16. Ba3 Qxe4 17. Bxf8 Kxf8 18. Re1 Qd5 19. Qe2 Be6 20. Rad1
Qa5 21. Qd3 g6 22. Qd6+ Kg7 23. Rxe6 fxe6 24. Qe7+ Kh6 25. Qf8+ Kg5 26. f4+ Kh4
27. Qh6+ Qh5 28. g3+ Kxh3 29. Qxh5+ gxh5 30. Kf2 Kg4 31. Rd8 Kf5 32. Kf3 Kf6
33. Ke4 b6 34. c4 a6 35. a4 b5 36. axb5 axb5 37. cxb5 cxb5 38. Rc8 Ra3 39. Rxb8
Rxb3 40. Rg8 Rb4+ 41. Kf3 Rb3+ 42. Ke4 Rb4+ 1/2-1/2

[Event "137th YMCA Winter D"]
[Site "Warszawa"]
[Date "2014.01.20"]
[Round "3"]
[White "Bitowt, Jacek"]
[Black "Duda, Ryszard"]
[Result "1-0"]
[WhiteElo "1699"]
[BlackElo "1641"]
[PlyCount "61"]
[EventDate "2014.01.06"]
[EventType "tourn"]
[EventRounds "1"]
[EventCountry "POL"]
[SourceDate "2014.01.06"]

1. e4 c5 2. c3 e6 3. d4 d5 4. exd5 Qxd5 5. Nf3 Nc6 6. Be3 cxd4 7. cxd4 Bb4+ 8.
Nc3 Nf6 9. Bd3 Ne4 10. Qc2 Bxc3+ 11. bxc3 Nf6 12. O-O h6 13. c4 Qd8 14. Rfd1
Bd7 15. Rab1 Qc8 16. Qb3 b6 17. Qa3 Qd8 18. Bf4 Ne7 19. Bd6 Nc8 20. Bb4 a5 21.
Ne5 Ne7 22. Bd6 Nc8 23. Nxd7 Qxd7 24. Be5 Qe7 25. Qa4+ Qd7 26. Qxd7+ Kxd7 27.
c5 bxc5 28. Rb7+ Ke8 29. dxc5 Kf8 30. Bb5 Na7 31. Rxa7 1-0

[Event "137th YMCA Winter D"]
[Site "Warszawa"]
[Date "2014.01.21"]
[Round "3"]
[White "Budrewicz, Henryk"]
[Black "Wilczynski, Adam"]
[Result "0-1"]
[WhiteElo "1539"]
[BlackElo "1664"]
[PlyCount "78"]
[EventDate "2014.01.06"]
[EventType "tourn"]
[EventRounds "1"]
[EventCountry "POL"]
[SourceDate "2014.01.06"]

1. d4 Nf6 2. Bf4 e6 3. e3 c5 4. c3 Qb6 5. Qc2 Nc6 6. Nd2 d5 7. h3 Bd7 8. Ngf3
h6 9. Be2 Rc8 10. a3 cxd4 11. exd4 Nxd4 12. Nxd4 Qxd4 13. Be3 Qe5 14. Nf3 Qb8
15. Qb3 Bd6 16. Rd1 O-O 17. g4 Ne4 18. Rg1 Bc5 19. Bxc5 Nxc5 20. Qb4 Ba4 21.
Rd2 f6 22. h4 Be8 23. h5 Qc7 24. Bd1 Bf7 25. Qd4 Ne4 26. Qe3 Nxd2 27. Qxd2 Be8
28. Bc2 Bb5 29. a4 Ba6 30. Bb1 Rcd8 31. Qc2 f5 32. g5 Qf4 33. Qd1 hxg5 34. Rxg5
Kf7 35. Rg6 Rfe8 36. Ng5+ Kf8 37. h6 gxh6 38. Nxe6+ Kf7 39. Qh5 Qc1+ 0-1

[Event "137th YMCA Winter D"]
[Site "Warszawa"]
[Date "2014.01.24"]
[Round "3"]
[White "Sanz-Wawer, Daniel"]
[Black "Sobotka, Jan"]
[Result "1-0"]
[WhiteElo "1641"]
[BlackElo "1573"]
[Annotator "Admin"]
[PlyCount "59"]
[EventDate "2014.01.06"]
[EventType "tourn"]
[EventRounds "1"]
[EventCountry "POL"]
[SourceDate "2014.01.06"]

1. e4 c5 2. Nf3 Nc6 3. Bb5 d6 4. Bxc6+ bxc6 5. O-O d5 6. Ne5 Qd6 7. d4 dxe4 8.
Bf4 Qxd4 9. Qe2 Nf6 10. Rd1 Qxb2 11. Nd2 Qb5 12. c4 Qa4 $11 13. Nb3 e6 14. Qd2
Bb7 15. Nd7 Nd5 16. cxd5 Qb4 17. Qxb4 cxb4 18. Ndc5 Bc8 19. dxc6 Be7 20. Nxe4
O-O 21. Bd6 Bxd6 22. Nxd6 e5 23. Nxc8 Raxc8 24. Rac1 f5 25. Rd7 Rfd8 26. Rcd1
Re8 27. c7 Kf8 28. Nc5 e4 29. Rd8 Ke7 30. R1d7+ 1-0

[Event "137th YMCA Winter D"]
[Site "Warszawa"]
[Date "2014.01.20"]
[Round "3"]
[White "Krzyzewski, Radoslaw"]
[Black "Kepa, Wojciech"]
[Result "1-0"]
[WhiteElo "1685"]
[BlackElo "1616"]
[PlyCount "55"]
[EventDate "2014.01.06"]
[EventType "tourn"]
[EventRounds "1"]
[EventCountry "POL"]
[SourceDate "2014.01.06"]

1. e4 c5 2. Nf3 Nc6 3. d4 cxd4 4. Nxd4 e5 5. Nb5 d6 6. N1c3 a6 7. Na3 Nf6 8.
Bg5 Be7 9. Nc4 b5 10. Bxf6 gxf6 11. Ne3 Nd4 12. Ncd5 Bb7 13. Nxe7 Qxe7 14. c3
Ne6 15. Nf5 Qd7 16. Nxd6+ Ke7 17. Nxf7 Rhf8 18. Qxd7+ Kxd7 19. O-O-O+ Kc7 20.
Nd6 Bc6 21. f3 Nf4 22. g3 Ne6 23. Bh3 Nc5 24. Rd2 Rad8 25. Rhd1 Bd7 26. Bxd7
Rxd7 27. b4 Na4 28. Nxb5+ 1-0

[Event "137th YMCA Winter D"]
[Site "Warszawa"]
[Date "2014.01.23"]
[Round "3"]
[White "Kwiek, Janusz"]
[Black "Herman, Monika"]
[Result "1-0"]
[WhiteElo "1597"]
[BlackElo "1645"]
[PlyCount "117"]
[EventDate "2014.01.06"]
[EventType "tourn"]
[EventRounds "1"]
[EventCountry "POL"]
[SourceDate "2014.01.06"]

1. Nf3 Nf6 2. d4 e6 3. c4 Bb4+ 4. Bd2 Qe7 5. Nc3 O-O 6. e3 d6 7. Be2 e5 8. dxe5
dxe5 9. O-O e4 10. Nd4 c5 11. Nc2 Nc6 12. a3 Ba5 13. Qc1 Rd8 14. Rd1 Be6 15.
Nb5 Bxd2 16. Rxd2 Ne5 17. Rxd8+ Rxd8 18. b3 a6 19. Nc3 Nd3 20. Qf1 Bf5 21. Rd1
Nb2 22. Rxd8+ Qxd8 23. Qc1 Nd3 24. Qd1 Qd7 25. Ne1 Ne5 26. Qxd7 Bxd7 27. f3 Bc6
28. Kf2 Kf8 29. h3 Ke7 30. f4 Ned7 31. g4 Kd6 32. g5 Ne8 33. Bf1 Nc7 34. Nc2 b5
35. cxb5 axb5 36. Bg2 f5 37. Bf1 Nb6 38. Ke1 Nbd5 39. Nxd5 Bxd5 40. Na1 Kc6 41.
Kd2 Bf7 42. Be2 Kb6 43. Bd1 c4 44. bxc4 Bxc4 45. Bb3 Kc5 46. Bd1 Bf1 47. h4 Ne6
48. Kc3 Bc4 49. Nb3+ Kb6 50. Nd4 g6 51. Nxe6 Bxe6 52. Kd4 Bg8 53. h5 gxh5 54.
Bxh5 Bb3 55. g6 hxg6 56. Bxg6 Be6 57. Ke5 Bc8 58. Bxf5 Bxf5 59. Kxf5 1-0

[Event "137th YMCA Winter D"]
[Site "Warszawa"]
[Date "2014.01.30"]
[Round "4"]
[White "Bartczak, Hanna"]
[Black "Herman, Monika"]
[Result "0-1"]
[WhiteElo "1592"]
[BlackElo "1645"]
[Annotator "Admin"]
[PlyCount "146"]
[EventDate "2014.01.06"]
[EventType "tourn"]
[EventRounds "1"]
[EventCountry "POL"]
[SourceDate "2014.01.06"]

1. d4 Nf6 2. c4 e6 3. Nf3 Bb4+ 4. Bd2 Qe7 5. a3 Bxd2+ 6. Nbxd2 O-O 7. g3 d6 8.
Bg2 e5 9. dxe5 dxe5 10. e3 a5 11. b3 Na6 12. O-O Nc5 13. Qc2 Rd8 14. Rfd1 Ra6
15. Ng5 h6 16. Nge4 Nfxe4 17. Nxe4 Bf5 18. b4 axb4 19. axb4 Rxa1 20. Rxa1 Na6
21. Rb1 Nxb4 22. Qb3 b6 23. Rb2 Nd3 24. Rd2 Bxe4 25. Bxe4 Nc5 26. Rxd8+ Qxd8
27. Qc2 Nxe4 28. Qxe4 Qd6 29. Qa8+ Kh7 30. Qe8 f6 31. Qf7 Qc6 32. h4 Qd6 33. h5
Qd8 34. Kg2 Qa8+ 35. Kf1 Qb8 36. Ke2 b5 37. Kd3 b4 38. Kc2 c5 39. Qd5 Qa7 40.
Qd3+ Kg8 41. Qd5+ $11 Kf8 42. Qd8+ Kf7 43. Qd5+ Ke7 44. Qg8 Qa2+ 45. Kc1 Qa3+
46. Kb1 Qd3+ 47. Kb2 Qc3+ 48. Kb1 Qe1+ 49. Kc2 Qxf2+ 50. Kd3 Qxg3 51. Qd5 e4+
52. Qxe4+ Qe5 53. Qb7+ Kf8 54. Qc8+ Kf7 55. Qb7+ Qe7 56. Qd5+ Ke8 57. Qg8+ Kd7
58. Ke2 Kc7 59. Qa8 f5 60. Qa7+ Kd6 61. Qb6+ Ke5 62. Qb8+ Kf6 63. Qb6+ Kg5 64.
Qg6+ Kh4 65. Qxf5 Qg5 66. Qf2+ Kxh5 67. Qh2+ Kg6 68. Qd6+ Kh7 69. Qd3+ Qg6 70.
Qd5 b3 71. Qd2 Qc2 72. Qxc2+ bxc2 73. Kd2 Kg6 0-1

[Event "137th YMCA Winter D"]
[Site "Warszawa"]
[Date "2014.01.27"]
[Round "4"]
[White "Kepa, Wojciech"]
[Black "Kwiek, Janusz"]
[Result "0-1"]
[WhiteElo "1616"]
[BlackElo "1597"]
[PlyCount "48"]
[EventDate "2014.01.06"]
[EventType "tourn"]
[EventRounds "1"]
[EventCountry "POL"]
[SourceDate "2014.01.06"]

1. e4 e6 2. d4 d5 3. exd5 exd5 4. Bd3 Nf6 5. Nf3 Be7 6. O-O O-O 7. c3 Bg4 8.
Nbd2 Nc6 9. Qc2 h6 10. Ne5 Nxe5 11. dxe5 Nd7 12. f4 Nc5 13. h3 Nxd3 14. hxg4
Bc5+ 15. Rf2 Nxf2 16. Nb3 Bb6 17. g5 hxg5 18. fxg5 Ne4+ 19. Kh2 Kh7 20. Bf4 Rh8
21. g3 Kg8+ 22. Kg2 Qd7 23. Rd1 Qh3+ 24. Kf3 Qf5 0-1

[Event "137th YMCA Winter D"]
[Site "Warszawa"]
[Date "2014.01.31"]
[Round "4"]
[White "Wilczynski, Adam"]
[Black "Sanz-Wawer, Daniel"]
[Result "0-1"]
[WhiteElo "1664"]
[BlackElo "1641"]
[PlyCount "52"]
[EventDate "2014.01.06"]
[EventType "tourn"]
[EventRounds "1"]
[EventCountry "POL"]
[SourceDate "2014.01.06"]

1. Nf3 Nf6 2. c4 e6 3. g3 b6 4. Bg2 Bb7 5. O-O Be7 6. Nc3 O-O 7. Qc2 d6 8. d4
c5 9. dxc5 bxc5 10. e4 Nc6 11. Rd1 e5 12. Nh4 Nd4 13. Qd3 Ne8 14. Nf5 Nc7 15.
Ne3 Qd7 16. Ned5 Nxd5 17. Nxd5 Bxd5 18. cxd5 Rab8 19. b3 a5 20. f4 Bf6 21. f5
a4 22. bxa4 Qxa4 23. Bd2 Rb2 24. Rdc1 Rxa2 25. Rab1 h6 26. Rb6 c4 0-1